000 00738nam a2200253 a 4500
090 _c10742
001 2862189
005 20240818092907.0
008 850301s1986 flua b 001 0 eng
010 _a 85070837
020 _a0120442558
040 _aDLC
_cDLC
_dDLC
050 0 0 _aQD453.2
_b.A3 1986
082 0 0 _a541.3
_219
_bVEM
245 1 2 _aPhysical chemistry /
_cG. K. Vemulapalli
260 _aNew Delhi:
_bPrentice-Hallof India,
_c2001
300 _axxiv, 991 p. :
_bill. ;
_c27 cm.
650 0 _aChemistry, Physical and theoretical.
740 0 _aPhysical chemistry.
942 _2ddc
_cBB
_hRDA-MOD
999 _c10742
_d10742
336 _2rdacontent
_atext
_btxt
337 _aunmediated
_2rdamedia
_bn
338 _avolume
_bnc
_2rdacarrier